Quizzes
Events
Quiz Creation
Community
Videos
Private Events
Remove Ads
Sign In
Join for FREE
Feedback
Dark Mode
Quiz Categories
Sports
Geography
Music
Movies
Television
Just For Fun
Miscellaneous
History
Literature
Language
Science
Gaming
Entertainment
Religion
Holiday
For Kids
Quiz Lab
Recent
Popular Today
Quiz Kudos Today
Editor Picks
Curator Picks
Quizzes by...
Day
Popularity
Type
Ratings
Length
Year
Community
Subscriptions
Recent Discussions
Orange Saloon
Badges
Playlists
Quests
Create
Leaderboards
Showdown
Live 5
Trivia Bingo
Activity
Puzzle Library
Sporcle Events
Private Events
Virtual Trivia
Globe League
Become a Host
Pub Owners
SporcleCon
Opinionation
Our Games
Videos
Blog
Mobile Apps
Partnerships
Remove Ads and Go Orange
Feedback
Gaming
Video Games
Board Games
Card Games
Pokémon
Mario
Nintendo
Minecraft
Console
Toys
Legend of Zelda
Gaming
Video Games
Board Games
Card Games
Pokémon
Mario
Nintendo
Minecraft
Console
Toys
Legend of Zelda
Random Quiz
Search Sporcle
×
Quiz Lab
Quiz Lab
Gaming
Chapter
Type in answers that appear in a list
Type in answers that appear in a list
Classic
Best Score? Go Orange.
Fire Emblem 5 - All Characters Stats
Can you name the every character in Fire Emblem: Thracia 776?
By
CardQueen
20m
108 Questions
118 Plays
118 Plays
118 Plays
Comments
Comments
Give Quiz Kudos
Give Quiz Kudos
-
- Ratings
hide this ad
Replay
Link that replays current quiz
Next Quiz
Link to next quiz in quiz playlist
You Got
0%
They Got
Avg Score
41%
Avg Friend Score
Upgrade to see
Score Distribution
Jump to the score distribution portion of the page
Score
0/108
Timer
20:00
0
Plays Today
Chapter
Name
% Correct
Chapter 1
Leaf
98.3%
Chapter 1
Fin
92.4%
Chapter 1
Eyvel
86.4%
Chapter 1
Halvan
81.4%
Chapter 1
Tania
81.4%
Chapter 1
Marty
77.1%
Chapter 1
Dagda
76.3%
Chapter 2
Ronan
74.6%
Chapter 1
Othin
72.9%
Chapter 5
Nanna
72%
Chapter 2x
Safy
71.2%
Chapter 2x
Lifis
69.5%
Chapter 4x
Asvel
68.6%
Chapter 4
Lara
66.9%
Chapter 4
Felgus
65.3%
Chapter 4
Karin
64.4%
Chapter 11x
Olwen
64.4%
Chapter 4
Machua
63.6%
Chapter 4
Dalsin
63.6%
Chapter 4
Brighton
62.7%
Chapter 12
Mareeta
61.9%
Chapter 12x
Tina
59.3%
Chapter 11x
Fred
59.3%
Chapter 14x
Linoan
58.5%
Chapter 9
Kain
57.6%
Chapter 9
Robert
57.6%
Chapter 23
Cyas
57.6%
Chapter 4
Yurius
57.6%
Chapter 12x
Pirn
56.8%
Chapter 9
Selphina
55.9%
Chapter 12x
Salem
55.9%
Chapter 17 a
Misha
55.9%
Chapter 4
Ishtar
55.9%
Chapter 6
Hicks
55.1%
Chapter 12x
Trewd
55.1%
Chapter 14
Dean
55.1%
Chapter
Name
% Correct
Chapter 14
Homer
55.1%
Chapter 23
Sety
55.1%
Chapter 24
Galzus
55.1%
Chapter 8
Carrion
54.2%
Chapter 9
Alva
54.2%
Chapter 14
Eda
54.2%
Chapter 13
Glade
53.4%
Chapter 16 a
Eyrios
53.4%
Chapter 5
Veld
53.4%
Chapter 22
Reinhardt
53.4%
Chapter 16 b
Shanam
52.5%
Chapter 17 a
Sara
52.5%
Chapter 19
Amalda
52.5%
Chapter 18
Xavier
51.7%
Chapter 2
August
51.7%
Chapter 16 b
Miranda
50.8%
Chapter 4
Manfroy
50%
Chapter 16 a
Sleuf
48.3%
Chapter 23
Altenna
48.3%
Chapter 19
Conomoor
46.6%
Chapter 21
Delmud
44.9%
Chapter 7
Hannibal
40.7%
Chapter 7
Hannibal
40.7%
Chapter 11
Kempf
39%
Chapter 24
Leidrik
38.1%
Chapter 3
Corple
37.3%
Chapter 9
Drias
37.3%
Chapter 14
Arione
36.4%
Chapter 9
Trabant
35.6%
Final
Zwei
33.1%
Final
Ein
30.5%
Chapter 8x
Gomes
29.7%
Chapter 2
Bucks
28%
Final
Funf
28%
Final
Drei
27.1%
Final
Elf
22.9%
Chapter
Name
% Correct
Chapter 10
Largo
21.2%
Chapter 22
Cowan
20.3%
Chapter 1
Wiseman
18.6%
Chapter 20
Barat
18.6%
Chapter 18
Gustav
17.8%
Chapter 19
Wolf
17.8%
Chapter 6
Truman
16.9%
Chapter 8
Rumei
16.9%
Chapter 12
Colho
16.1%
Chapter 14
Paulus
16.1%
Final
Zwolf
16.1%
Chapter 9
Merlock
15.3%
Chapter 16 a
Bruck
15.3%
Chapter 23
Alphan
15.3%
Chapter 17 b
Palman
14.4%
Chapter 16 b
Rinecock
14.4%
Chapter 3
Lobos
13.6%
Chapter 13
List
13.6%
Chapter 14x
Codha
13.6%
Chapter 15
Zile
13.6%
Chapter 5
Bandol
12.7%
Chapter 17 a
Moore
12.7%
Chapter 14x
Baldack
11.9%
Chapter 17 a
Mueller
11.9%
Chapter 21
Flaus
11.9%
Chapter 23
Farden
11.9%
Chapter 7
Eisenhow
11%
Chapter 21x
Zaom
11%
Chapter 23
Colhuta
11%
Chapter 14
Macroy
10.2%
Chapter 14x
Aihiman
9.3%
Chapter 21
Seymetol
8.5%
Chapter 10
Dobalzark
7.6%
Chapter 4x
Gunna
7.6%
Chapter 17 a
Nicaraf
3.4%
CHapter 11x
Otolph
0%
Quiz Playlist
Details
Report
Send in Message
Add To Playlist
Classic:
Type in answers that appear in a list
Quiz Source
Last Updated: Feb 16, 2017
Quiz Scoreboard
CHALLENGE
Sign Up to Join the Scoreboard
Show All
Scores
Hide
Comments
May contain spoilers
Recently Published
TV Characters by Other Roles V
by ghcgh
Television
5m
Decade Duel: World Leaders
by jenniferyan
History
4m
Alphabetical 'K' Countries by Flag Minefield
by ylime102
Geography
3m
More to Explore
Quiz From the Vault
Featured Blog Post
15 Basketball Trivia Facts You Can Be March Mad About
hide this ad
You Might Also Like...
Tags
Chapter
Character
class
emblem
fire
Fire Emblem
Today's Top Quizzes in Gaming
Browse Gaming
hide this ad
Today's Top Quizzes in Chapter
Browse Chapter
Top Contributed Quizzes in Gaming
1
Pokémon Gen IV Logic Puzzle (HARD)
2
Rainbow Six Siege Operators by Picture
3
Genshin Impact Logic Puzzle
4
HARD Pokemon Logic Puzzle
5
Magic: the Gathering Set Symbols - LCI
6
The Slinky Quiz
7
Mega Man or Metal Gear
8
Persona 4 & 5 Social Link / Confidant Minefield
9
Honkai: Star Rail Technique Names Quiz
10
Order Genshin Impact characters by release date!
Explore More
Trending Topics
Marvel
Harry Potter
Anime
Kpop
NBA
Crossword
Disney
The Office
Song
Soccer
Pokémon
WWE
NFL
Puzzle
Country
hide this ad
More By:
CardQueen
Quiz
Plays
Rating
Category
Featured
Created
Final Fantasy VII Characters
35,547
4.39
Gaming
Nov 28, 2009
Video Game Player 2 Characters
2,751
4.51
Gaming
Feb 8, 2011
Pokemon Trainer Types
2,740
4.18
Gaming
Oct 31, 2009
Fictional Bars, Pubs and Clubs
2,510
4.32
Entertainment
Dec 30, 2009
Cartoon Antagonists
2,242
4.41
Entertainment
Jan 18, 2010
Go to Creator's Profile
Score Distribution
Quiz Creator Spotlight
CardQueen
Follow
Send a Message
Quizzes Created
-
Created Quiz Play Count
-
More By This Creator
Popular Quizzes Today
1
Countries of Asia Without Outlines Minefield
2
Find the US States - No Outlines Minefield
3
Pick 6: Fruits
4
The Countries of the World
5
Find the Countries of Europe - No Outlines Minefield
6
Alphabetical 'K' Countries by Flag Minefield
7
Find the US States
8
US States
More Gaming Quizzes
Dragon Ball Legends: Playable Characters (A-Z)
Quiz Lab
Trending Quizzes
Pick 6: Mountains
Pick 6: Harry Potter
Pick 6: NFL Teams
Pick 6: Flags
C Names for Actors
Recently Updated
Adaptations: Name the Title
pecheneg
NWSL Teams
pecheneg
Women's Final Four Teams by Year
bhenderson79
Presidents Quartet II
eogle
Anything But Clue(do)
eogle
Anything But Oceanian Capitals
eogle
Anything But 7
eogle
Anything But Thing
eogle
Word Ladder: February 29
pecheneg
Song Title Questions
pecheneg
Trending Topics
NBA
Harry Potter
Kpop
Anime
Crossword
Disney
Marvel
Pokémon
The Office
Soccer
Puzzle
Country
NFL
Song
WWE
Your Account Isn't Verified!
In order to create a playlist on Sporcle, you need to verify the email address you used during registration. Go to your
Sporcle Settings
to finish the process.
Report this User
Report this user for behavior that violates our
Community Guidelines
.
Details:
Send Report
Go to the Sporcle.com Mobile Site →
Comments